Beginning acces 2003 VBA
What is this book about? Written by an Access programmer with more than 10 years of VBA experience, this is the perfect guide for Access users who are ready to take their databases to the next level, or for programmers who are new to Access or VBA.
Enregistré dans:
| Auteur principal: | |
|---|---|
| Format: | Livre |
| Langue: | Undetermined |
| Publié: |
Indianapolis, IN
Wiley Pub
2004
|
| Sujets: | |
| Tags: |
Ajouter un tag
Pas de tags, Soyez le premier à ajouter un tag!
|
| Thư viện lưu trữ: | Trung tâm Học liệu Trường Đại học Cần Thơ |
|---|
| LEADER | 00807nam a2200205Ia 4500 | ||
|---|---|---|---|
| 001 | CTU_172287 | ||
| 008 | 210402s9999 xx 000 0 und d | ||
| 020 | |c 976580 | ||
| 082 | |a 005.7565 | ||
| 082 | |b G676 | ||
| 100 | |a Gosnell, Denise | ||
| 245 | 0 | |a Beginning acces 2003 VBA | |
| 245 | 0 | |c Denise Gosnell | |
| 260 | |a Indianapolis, IN | ||
| 260 | |b Wiley Pub | ||
| 260 | |c 2004 | ||
| 520 | |a What is this book about? Written by an Access programmer with more than 10 years of VBA experience, this is the perfect guide for Access users who are ready to take their databases to the next level, or for programmers who are new to Access or VBA. | ||
| 650 | |a Database management,Quản trị cơ sở dữ liệu | ||
| 904 | |i mai, Hải | ||
| 980 | |a Trung tâm Học liệu Trường Đại học Cần Thơ | ||